000 00421nam a2200169Ia 4500
001 24087
005 20260414151020.0
008 260414t2012||||xx |||||||||||||| ||spa||
041 _aESP
082 _a770.985
_bG317
100 _aGaray Albújar, Andrés
_eAUT
245 0 _aUn arte arequipeño :
_bmaestros del retrato fotográfico
260 _c2012
650 _aABD
654 _aCAU
942 _cLIB
_dJUS
_fJUS
_2ddc
_n
999 _c24087
_d24087